| 000 | 00780nam a2200253Ia 4500 | ||
|---|---|---|---|
| 003 | OSt | ||
| 005 | 20220926005318.0 | ||
| 006 | a|||||r|||| 00| 0 | ||
| 007 | ta | ||
| 008 | 220923b |||||||| |||| 00| 0 eng d | ||
| 020 |
_a9788183875585 _c505.75 |
||
| 037 |
_b1417, 09/03/2015, RESEARCH INDIA PRESS _cGeneral Book |
||
| 040 |
_aRTL _cRTL _beng |
||
| 041 |
_2eng _aeng |
||
| 082 | _aU287, Q4 | ||
| 100 | _aMANI N. | ||
| 245 | 0 |
_aClimate change crisis _b Challenges and options |
|
| 260 |
_a New Delhi _bSerial Publications _c2014 |
||
| 300 |
_axvii,233p _ccm. |
||
| 650 | _aGeography | ||
| 700 |
_a ANNAMALAI S. _9310034 |
||
| 942 |
_hU287, Q4 _cGB _2CC |
||
| 999 |
_c613473 _d613473 |
||